Defence Estates v JL and Anor (Record no. 81603)

MARC details
000 -LEADER
fixed length control field 01687cad a22002415a 4500
001 - CONTROL NUMBER
control field L147658
008 - FIXED-LENGTH DATA ELEMENTS--GENERAL INFORMATION
fixed length control field 090603e20090505xxk f v 000 0 eng d
035 ## - SYSTEM CONTROL NUMBER
System control number (Sirsi) u147658
041 0# - LANGUAGE CODE
Language code of text/sound track or separate title eng
245 04 - TITLE STATEMENT
Title Defence Estates v JL and Anor
Medium [electronic resource]
260 ## - PUBLICATION, DISTRIBUTION, ETC.
Date of publication, distribution, etc. 2009
520 ## - SUMMARY, ETC.
Summary, etc. [2009] EWHC 1049 (Admin), 05 May 2009. The case relates to possession of premises. Defence Estates (D) is in charge of managing property belonging to the Ministry of Defence, to house members of the Armed Forces and their families. D seeks possession of premises in Leeds in which JL and her family are living. D also seeks damages for use and occupation. JL argued that bringing the claim for possession constitutes a breach of her rights under Article 8 of the European Convention of Human Rights. Following particularly difficult circumstances of JL and family, she was housed as an irregular occupier in the premises in 1989. Eventually she was asked to move. Possession order was granted in 1993 but not applied. "Held": The judge decided to make a possession order. D's claim for damages is dismissed. Leeds City Council has to carry out its duty to help JL and family find permanent accommodation.
590 ## - LOCAL NOTE (RLIN)
Local note KA
650 24 - SUBJECT ADDED ENTRY--TOPICAL TERM
Topical term or geographic name entry element DEFENCE ESTATES V JL AND ANOR
650 24 - SUBJECT ADDED ENTRY--TOPICAL TERM
Topical term or geographic name entry element DORAN V LIVERPOOL CITY COUNCIL
650 24 - SUBJECT ADDED ENTRY--TOPICAL TERM
Topical term or geographic name entry element DOHERTY V BIRMINGHAM CITY COUNCIL
650 24 - SUBJECT ADDED ENTRY--TOPICAL TERM
Topical term or geographic name entry element EUROPEAN CONVENTION ON HUMAN RIGHTS 1950
650 24 - SUBJECT ADDED ENTRY--TOPICAL TERM
Topical term or geographic name entry element HUMAN RIGHTS ACT 1998
651 #4 - SUBJECT ADDED ENTRY--GEOGRAPHIC NAME
Geographic name England and Wales
Chronological subdivision 1543-
690 ## - LOCAL SUBJECT ADDED ENTRY--TOPICAL TERM (OCLC, RLIN)
Topical term or geographic name as entry element PROPERTY-LANDLORD AND TENANT-TENANCIES
856 40 - ELECTRONIC LOCATION AND ACCESS
Uniform Resource Identifier <a href="https://www.bailii.org/ew/cases/EWHC/Admin/2009/1049.html">https://www.bailii.org/ew/cases/EWHC/Admin/2009/1049.html</a>
Public note View the case free of charge at www.bailli.org...
942 ## - ADDED ENTRY ELEMENTS (KOHA)
Suppress in OPAC 0
Holdings
Withdrawn status Lost status Source of classification or shelving scheme Damaged status Not for loan Home library Current library Shelving location Date acquired Total Checkouts Full call number Barcode Date last seen Copy number Price effective from Koha item type
    Dewey Decimal Classification     Virtual Virtual Online 03/06/2009   ONLINE JUDGMENT 147658-2001 06/08/2019 1 06/08/2019 Law report